MAASAI MARA UNIVERSITY

LIBRARY CATALOGUE

Contact Us: +254 020 2685356/7 or 0774 057787

Box: 861-20500, NAROK, KENYA

Email: info@mmarau.ac.ke

Edwards,Tony (Record no. 1111)

MARC details
000 -LEADER
fixed length control field 00498nam a2200145Ia 4500
008 - FIXED-LENGTH DATA ELEMENTS--GENERAL INFORMATION
fixed length control field 151015s9999 xx 000 0 und d
020 ## - INTERNATIONAL STANDARD BOOK NUMBER
International Standard Book Number 273651773
050 ## - LIBRARY OF CONGRESS CALL NUMBER
Classification number HF 5549 .H78424 1990
245 ## - TITLE STATEMENT
Title Edwards,Tony
250 ## - EDITION STATEMENT
Edition statement _International Human Resource Management Globalization, National Systems and Multinational Companies Tony Edwards
300 ## - PHYSICAL DESCRIPTION
Extent England Pearson Education 2006
500 ## - GENERAL NOTE
General note Includes index.
650 ## - SUBJECT ADDED ENTRY--TOPICAL TERM
Topical term or geographic name as entry element _Human resource management
700 ## - ADDED ENTRY--PERSONAL NAME
Personal name ^d20120113 10:25:17^oanne

No items available.

© 2016 Maasai Mara University.